00722nam a2200193 i 4500001000300000245009700003260002100100490006400121700004700185830006000232040000800292041000800300080000800308942000700316008004100323999001700364856009800381952004900479bg 0aChaos w nieliniowej machanice :bpraca zbiorowa /cred. nauk. Wanda Szemplińska-Stupnicka. aWarszawa,c1985.1 aPrace Instytutu Podstawowych Problemów Techniki PAN ;v281 aSzemplińska-Stupnicka, Wanda.eRed. nauk aPrace Instytutu Podstawowych Problemów Techniki PAN ; cBPK apol a531 cKS s pl f |000 0 pol  c23130d23130 uhttp://koha.tu.koszalin.pl/cgi-bin/koha/opac-detail.pl?biblionumber=23130yKatalog online BPK 00104070aBPKbBPKcwo33144p01588385yKS